[Event "FRA-ch U12 Girls"]
[Site "Vichy"]
[Date "2025.04.29"]
[Round "4"]
[White "De Labaca, Julia"]
[Black "Wang, Yi Xuan"]
[Result "0-1"]
[WhiteElo "1625"]
[BlackElo "1885"]
[PlyCount "92"]
[EventDate "2025.04.27"]
[EventType "swiss"]
[EventRounds "9"]
[EventCountry "FRA"]
[SourceTitle "CB19_2025"]
[SourceDate "2025.05.07"]
[SourceVersion "1"]
[SourceVersionDate "2025.05.07"]
[SourceQuality "1"]

1. e4 c5 2. d4 cxd4 3. Qxd4 Nc6 4. Qd3 g6 5. Nf3 Bg7 6. Nc3 d6 7. Be2 Nf6 8. 0-0 0-0 9. Nd5 Nxd5 10. exd5 Nb4 11. Qd1 a5 12. c3 Na6 13. Bg5 h6 14. Bh4 g5 15. Bg3 f5 16. h4 f4 17. Bh2 g4 18. Nd4 h5 19. Qd3 Qe8 20. Ne6 Bxe6 21. dxe6 Nc5 22. Qd5 Qg6 23. g3 f3 24. Bc4 Rf5 25. Qd1 Re5 26. Re1 Rf8 27. b4 axb4 28. cxb4 Rxe1+ 29. Qxe1 Bxa1 30. bxc5 Be5 31. Kh1 Qc2 32. Bb3 Qxc5 33. Qd2 Bg7 34. Bc2 Rc8 35. Bd1 Qd4 36. Qxd4 Bxd4 37. Bg1 Rc1 38. Bxf3 gxf3 39. Kh2 Rf1 40. a4 Bxf2 41. Bxf2 Rxf2+ 42. Kg1 Rg2+ 43. Kh1 Rxg3 44. a5 f2 45. a6 f1Q+ 46. Kh2 Qg1# 0-1